• 首页
  • 本馆介绍
  • 公告通知
  • 最新文献
  • 馆藏检索
  • 电子资源
  • 读者导购
  • 参考咨询
  • 我的图书馆
  • 登录
  • 详细信息显示
  • 放入我的书架
  • 预约/预借图书
  • 作者相关作品
  • 分类相关作品
  • 丛书相关作品
  • 出版社相关作品

书目信息

  • 表格格式
  • 工作单格式
  • 卡片格式
题名:
电机工程手册
    
 
作者: ;电机工程手册编辑委员会 , 机械工程手册编辑委员会 编
分册: 第36篇   电动工具
出版信息: 北京   机械工业出版社  1978
页数: 68页
开本: 26cm
丛书名:
单 册:
中图分类: TM3-62
科图分类:
主题词: 电焊-焊机 , 电机学--手册 , 电机 , 焊机-电焊
电子资源:
ISBN:
000 00981nam0 2200277 45
001 0180004112
005 20060417090917.71
010    @dCNY0.40
091    @a15033.4511
100    @a19960215d1978 em y0chiy0121 ea
101 0  @achi
102    @aCN@b110000
105    @ay z 000yy
200 10 @a电机工程手册@Adian ji gong cheng shou ce@e试用本@h第36篇@i电动工具@f机械工程手册编辑委员会,电机工程手册编辑委员会编@Fji xie gong cheng shou ce bian ji wei yuan hui,dian ji gong cheng shou ce bian ji wei yuan hui bian
210    @a北京@c机械工业出版社@d1978
215    @a68页@d26cm
517 1  @a电动工具@Adian dong gong ju
606    @a电焊-焊机
606    @a电机学@x手册
606 0  @a电机
606    @a焊机-电焊
690    @aTM3-62@v4
711 02 @a电机工程手册编辑委员会@Adian ji gong cheng shou ce bian ji wei yuan hui@4编
711  0 @a机械工程手册编辑委员会@Aji xie gong cheng shou ce bian ji wei yuan hui@4编
801  0 @aCN@bNLC@c20060417
905    @dTM3-62@e3:36
    
    电机工程手册:试用本.第36篇.电动工具/机械工程手册编辑委员会,电机工程手册编辑委员会编.-北京:机械工业出版社,1978
    68页;26cm
    
    
    ISBN :CNY0.40
    
●
相关链接 在E读中查询图书 在五车中查询图书 在当当中查询图书 在豆瓣中查询图书


正题名:电机工程手册     索取号:TM3-62/3:36         预约/预借

序号 登录号 条形码 馆藏地/架位号 状态 备注
1 0006995   001344110   密集书库/ [索取号:TM3-62/3:36] 在馆    
2 0006996   001344263   密集书库/ [索取号:TM3-62/3:36] 在馆    
唐山师范学院图书馆 欢迎您!
大连网信软件有限公司© 版权所有